Macroeconomic policies, crises, and long term growth in Indonesia, 1965-90 (Record no. 49618)

MARC details
000 -LEADER
fixed length control field 00819nam a2200217 a 4500
008 - FIXED-LENGTH DATA ELEMENTS--GENERAL INFORMATION
fixed length control field 070822s1994 ||||||||||||||||| || u
020 ## - INTERNATIONAL STANDARD BOOK NUMBER
International Standard Book Number 0821322125
050 ## - LIBRARY OF CONGRESS CALL NUMBER
Classification number IBRD(06)CMS/1994/3
100 ## - MAIN ENTRY--PERSONAL NAME
Personal name Woo, Wing Thye
245 10 - TITLE STATEMENT
Title Macroeconomic policies, crises, and long term growth in Indonesia, 1965-90
260 ## - PUBLICATION, DISTRIBUTION, ETC.
Place of publication, distribution, etc. Washington, D.C.
Name of publisher, distributor, etc. World Bank
Date of publication, distribution, etc. 1994
300 ## - PHYSICAL DESCRIPTION
Extent xiii, 216p.:ill.
350 ## - PRICE (NR) (BK AM CF MU VM SE) [OBSOLETE]
Price 0.00
490 ## - SERIES STATEMENT
Series statement World Bank comparative macroeconomic studies
650 ## - SUBJECT ADDED ENTRY--TOPICAL TERM
Topical term or geographic name entry element INDONESIA--ECONOMIC POLICY
650 ## - SUBJECT ADDED ENTRY--TOPICAL TERM
Topical term or geographic name entry element INDONESIA--ECONOMIC CONDITIONS--1945-
700 ## - ADDED ENTRY--PERSONAL NAME
Personal name Nasution, Anwar
700 ## - ADDED ENTRY--PERSONAL NAME
Personal name Glassburner, Bruce
710 ## - ADDED ENTRY--CORPORATE NAME
Corporate name or jurisdiction name as entry element World Bank
995 ## - RECOMMENDATION 995 [LOCAL, UNIMARC FRANCE]
-- 0.00
-- CBU-MAIN LIBRARY (Kitwe)
-- 1
-- 0.00
-- 1
-- AVAILABLE
-- Aug 22, 2007
-- International Publications
Holdings
Withdrawn status Lost status Source of classification or shelving scheme Damaged status Not for loan Home library Current library Shelving location Date acquired Total Checkouts Full call number Barcode Date last seen Price effective from Koha item type
          CBU-MAIN LIBRARY, KITWE. CBU-MAIN LIBRARY, KITWE.   11/30/2022   IBRD(06)CMS/1994/3 026612 11/30/2022 11/30/2022 MONOGRAPH